[Event "Senior Women Russian Championship 2022_HL"]
[Site "Saint-Petersburg, Russia"]
[Date "2022.09.26"]
[Round "3.5"]
[White "Gladisheva, Tatjana"]
[Black "Strutinskaia, Galina"]
[Result "0-1"]
[TimeControl "Standard: 90min/40moves+30min/end+30sec increment per move starting from move 1"]
[WhiteElo "2162"]
[BlackElo "2097"]

1. d4 {[%clk 01:30:42]} Nf6 {[%clk 01:30:48]} 2. g3 {[%clk 01:30:48]} d5 {[%clk
01:30:32]} 3. Bg2 {[%clk 01:30:57]} c6 {[%clk 01:27:07]} {[%emt 00:03:28]} 4.
b3 {[%clk 01:30:37]} {[%emt 00:00:50]} Bf5 {[%clk 01:26:20]} {[%emt 00:01:16]}
5. Nf3 {[%clk 01:30:28]} {[%emt 00:00:39]} h6 {[%clk 01:24:25]} {[%emt
00:02:26]} 6. Bb2 {[%clk 01:30:21]} {[%emt 00:00:36]} e6 {[%clk 01:24:37]}
{[%emt 00:00:19]} 7. O-O {[%clk 01:30:37]} {[%emt 00:00:13]} Be7 {[%clk
01:24:06]} {[%emt 00:01:01]} 8. Nbd2 {[%clk 01:30:40]} {[%emt 00:00:28]} Nbd7
{[%clk 01:23:11]} {[%emt 00:01:25]} 9. c4 {[%clk 01:27:40]} {[%emt 00:03:30]}
Ne4 {[%clk 01:18:03]} {[%emt 00:05:37]} 10. cxd5 {[%clk 01:21:55]} {[%emt
00:06:15]} exd5 {[%clk 01:16:08]} {[%emt 00:02:25]} 11. Ne5 {[%clk 01:20:34]}
{[%emt 00:01:52]} O-O {[%clk 01:08:20]} {[%emt 00:08:17]} 12. Nxe4 {[%clk
01:13:49]} {[%emt 00:07:15]} Bxe4 {[%clk 01:08:31]} {[%emt 00:00:19]} 13. f3
{[%clk 01:13:00]} {[%emt 00:01:20]} Bf5 {[%clk 01:07:55]} {[%emt 00:01:05]} 14.
e4 {[%clk 01:11:53]} {[%emt 00:01:37]} Nxe5 {[%clk 01:02:17]} {[%emt 00:06:09]}
15. exf5 {[%clk 01:11:32]} {[%emt 00:00:51]} Nd7 {[%clk 01:02:14]} {[%emt
00:00:32]} 16. f4 {[%clk 01:10:04]} {[%emt 00:01:58]} Re8 {[%clk 01:02:06]}
{[%emt 00:00:37]} 17. Qd3 {[%clk 01:10:13]} {[%emt 00:00:22]} a5 {[%clk
01:00:34]} {[%emt 00:02:02]} 18. a3 {[%clk 01:09:39]} {[%emt 00:01:04]} a4
{[%clk 00:59:45]} {[%emt 00:01:18]} 19. b4 {[%clk 01:08:32]} {[%emt 00:01:38]}
Nb6 {[%clk 00:58:40]} {[%emt 00:01:35]} 20. Rae1 {[%clk 01:03:50]} {[%emt
00:05:12]} Nc4 {[%clk 00:57:34]} {[%emt 00:01:36]} 21. Rf2 {[%clk 01:03:57]}
{[%emt 00:00:23]} Qd7 {[%clk 00:55:43]} {[%emt 00:02:20]} 22. Bc1 {[%clk
00:59:26]} {[%emt 00:05:02]} Nd6 {[%clk 00:50:09]} {[%emt 00:06:04]} 23. g4
{[%clk 00:58:45]} {[%emt 00:01:10]} Bh4 {[%clk 00:49:45]} {[%emt 00:00:54]} 24.
Rxe8+ {[%clk 00:58:49]} {[%emt 00:00:26]} Rxe8 {[%clk 00:49:51]} {[%emt
00:00:24]} 25. Re2 {[%clk 00:59:05]} {[%emt 00:00:14]} Rxe2 {[%clk 00:49:21]}
{[%emt 00:01:01]} 26. Qxe2 {[%clk 00:59:31]} {[%emt 00:00:03]} Bf6 {[%clk
00:49:15]} {[%emt 00:00:36]} 27. Qd3 {[%clk 00:51:23]} {[%emt 00:08:38]} Qe7
{[%clk 00:46:29]} {[%emt 00:03:16]} 28. Kf1 {[%clk 00:49:01]} {[%emt 00:02:52]}
Qd8 {[%clk 00:45:26]} {[%emt 00:01:34]} 29. Qd1 {[%clk 00:39:08]} {[%emt
00:10:22]} Qb6 {[%clk 00:43:04]} {[%emt 00:02:53]} 30. Qxa4 {[%clk 00:28:36]}
{[%emt 00:11:02]} Qxd4 {[%clk 00:41:54]} {[%emt 00:01:40]} 31. Qc2 {[%clk
00:27:44]} {[%emt 00:01:21]} Bd8 {[%clk 00:41:41]} {[%emt 00:00:43]} 32. Qd2
{[%clk 00:26:27]} {[%emt 00:01:47]} Qc4+ {[%clk 00:41:18]} {[%emt 00:00:54]} 33.
Ke1 {[%clk 00:21:51]} {[%emt 00:05:06]} h5 {[%clk 00:37:31]} {[%emt 00:04:17]}
34. h3 {[%clk 00:19:03]} {[%emt 00:03:17]} Nb5 {[%clk 00:35:22]} {[%emt
00:02:39]} 35. Bb2 {[%clk 00:17:04]} {[%emt 00:02:29]} hxg4 {[%clk 00:33:24]}
{[%emt 00:02:28]} 36. hxg4 {[%clk 00:17:27]} {[%emt 00:00:06]} Bh4+ {[%clk
00:31:58]} {[%emt 00:01:56]} 37. Kd1 {[%clk 00:17:51]} {[%emt 00:00:06]} Qb3+
{[%clk 00:31:04]} {[%emt 00:01:25]} 38. Qc2 {[%clk 00:12:26]} {[%emt 00:05:56]}
Qg3 {[%clk 00:20:33]} {[%emt 00:10:59]} 39. Qe2 {[%clk 00:12:35]} {[%emt
00:00:21]} Kh7 {[%clk 00:20:13]} {[%emt 00:00:50]} 40. g5 {[%clk 00:34:51]}
{[%emt 00:08:14]} Qxf4 {[%clk 00:49:03]} {[%emt 00:01:39]} 41. Qh5+ {[%clk
00:30:28]} {[%emt 00:04:53]} Kg8 {[%clk 00:49:32]} {[%emt 00:00:01]} 42. g6
{[%clk 00:29:48]} {[%emt 00:01:11]} fxg6 {[%clk 00:48:58]} {[%emt 00:01:03]} 43.
fxg6 {[%clk 00:28:00]} {[%emt 00:02:18]} Bf6 {[%clk 00:49:06]} {[%emt
00:00:23]} 44. Bxd5+ {[%clk 00:27:34]} {[%emt 00:00:55]} Kf8 {[%clk 00:48:08]}
{[%emt 00:01:28]} 45. Bxf6 {[%clk 00:24:16]} {[%emt 00:03:49]} Qxf6 {[%clk
00:48:21]} {[%emt 00:00:17]} 46. Bf7 {[%clk 00:22:21]} {[%emt 00:02:24]} Qd4+
{[%clk 00:42:39]} {[%emt 00:06:11]} 47. Ke1 {[%clk 00:22:13]} {[%emt 00:00:38]}
Nd6 {[%clk 00:41:48]} {[%emt 00:01:22]} 48. Qf3 {[%clk 00:19:59]} {[%emt
00:02:43]} Ke7 {[%clk 00:40:24]} {[%emt 00:01:55]} 49. Qe2+ {[%clk 00:18:23]}
{[%emt 00:02:05]} Qe4 {[%clk 00:39:54]} {[%emt 00:01:00]} 50. Qxe4+ {[%clk
00:17:15]} {[%emt 00:01:39]} Nxe4 {[%clk 00:40:22]} {[%emt 00:00:01]} 51. a4
{[%clk 00:17:32]} {[%emt 00:00:14]} Kf6 {[%clk 00:40:34]} {[%emt 00:00:17]} 52.
a5 {[%clk 00:17:00]} {[%emt 00:01:02]} Nd6 {[%clk 00:40:48]} {[%emt 00:00:17]}
53. Bb3 {[%clk 00:16:35]} {[%emt 00:00:54]} Kxg6 {[%clk 00:41:09]} {[%emt
00:00:09]} 54. Bc2+ {[%clk 00:17:02]} {[%emt 00:00:04]} Kf6 {[%clk 00:41:24]}
{[%emt 00:00:14]} 55. Bd3 {[%clk 00:17:12]} {[%emt 00:00:19]} Nb5 {[%clk
00:41:32]} {[%emt 00:00:23]} 56. Be4 {[%clk 00:17:16]} {[%emt 00:00:26]} Ke5
{[%clk 00:38:19]} {[%emt 00:03:43]} 57. a6 {[%clk 00:17:10]} {[%emt 00:00:36]}
bxa6 {[%clk 00:38:47]} {[%emt 00:00:02]} 58. Bxc6 {[%clk 00:17:34]} {[%emt
00:00:06]} Kd4 {[%clk 00:39:13]} {[%emt 00:00:04]} 59. Bb7 {[%clk 00:16:26]}
{[%emt 00:01:38]} Nc7 {[%clk 00:39:42]} {[%emt 00:00:01]} 60. Kf2 {[%clk
00:13:50]} {[%emt 00:03:06]} Kc4 {[%clk 00:40:05]} {[%emt 00:00:07]} 61. Kf3
{[%clk 00:14:14]} {[%emt 00:00:06]} Kxb4 {[%clk 00:40:30]} {[%emt 00:00:05]} 62.
Kf4 {[%clk 00:14:27]} {[%emt 00:00:16]} a5 {[%clk 00:40:42]} {[%emt 00:00:18]}
63. Be4 {[%clk 00:14:16]} {[%emt 00:00:41]} a4 {[%clk 00:40:40]} {[%emt
00:00:32]} 64. Kf5 {[%clk 00:14:38]} {[%emt 00:00:08]} Kc3 {[%clk 00:40:02]}
{[%emt 00:01:08]} 65. Bf3 {[%clk 00:13:52]} {[%emt 00:00:38]} 0-1

[Event "Senior Women Russian Championship 2022_HL"]
[Site "Saint-Petersburg, Russia"]
[Date "2022.09.27"]
[Round "4.1"]
[White "Strutinskaia, Galina"]
[Black "Fatalibekova, Elena"]
[Result "1/2-1/2"]
[TimeControl "Standard: 90min/40moves+30min/end+30sec increment per move starting from move 1"]
[WhiteElo "2097"]
[BlackElo "2140"]

1. d4 {[%clk 01:30:56]} {[%emt 00:00:04]} Nf6 {[%clk 01:30:50]} {[%emt
00:00:09]} 2. c4 {[%clk 01:31:13]} {[%emt 00:00:14]} e6 {[%clk 01:31:07]}
{[%emt 00:00:13]} 3. Nf3 {[%clk 01:31:37]} {[%emt 00:00:05]} b6 {[%clk
01:30:36]} {[%emt 00:01:01]} 4. a3 {[%clk 01:32:00]} {[%emt 00:00:07]} Bb7
{[%clk 01:30:47]} {[%emt 00:00:19]} 5. Nc3 {[%clk 01:32:24]} {[%emt 00:00:07]}
d5 {[%clk 01:29:58]} {[%emt 00:01:18]} 6. Bg5 {[%clk 01:30:25]} {[%emt
00:02:28]} Be7 {[%clk 01:30:04]} {[%emt 00:00:24]} 7. e3 {[%clk 01:28:55]}
{[%emt 00:02:00]} Nbd7 {[%clk 01:29:24]} {[%emt 00:01:11]} 8. b4 {[%clk
01:26:31]} {[%emt 00:02:55]} O-O {[%clk 01:28:37]} {[%emt 00:01:16]} 9. c5
{[%clk 01:26:06]} {[%emt 00:00:55]} Ne4 {[%clk 01:22:19]} {[%emt 00:06:48]} 10.
Bxe7 {[%clk 01:23:31]} {[%emt 00:03:05]} Qxe7 {[%clk 01:22:33]} {[%emt
00:00:16]} 11. Rc1 {[%clk 01:21:43]} {[%emt 00:02:18]} bxc5 {[%clk 01:21:38]}
{[%emt 00:01:26]} 12. bxc5 {[%clk 01:20:31]} {[%emt 00:01:42]} Bc6 {[%clk
01:20:58]} {[%emt 00:01:10]} 13. Be2 {[%clk 01:19:40]} {[%emt 00:01:20]} a6
{[%clk 01:14:49]} {[%emt 00:06:39]} 14. O-O {[%clk 01:19:38]} {[%emt 00:00:32]}
Nxc3 {[%clk 01:15:03]} {[%emt 00:00:17]} 15. Rxc3 {[%clk 01:19:57]} {[%emt
00:00:10]} Bb5 {[%clk 01:15:31]} {[%emt 00:00:02]} 16. a4 {[%clk 01:15:12]}
{[%emt 00:05:16]} Bxe2 {[%clk 01:14:58]} {[%emt 00:01:03]} 17. Qxe2 {[%clk
01:15:39]} {[%emt 00:00:02]} Rfb8 {[%clk 01:12:54]} {[%emt 00:02:34]} 18. Qc2
{[%clk 01:15:42]} {[%emt 00:00:28]} Rb4 {[%clk 01:11:17]} {[%emt 00:02:07]} 19.
Rb1 {[%clk 01:15:15]} {[%emt 00:00:57]} a5 {[%clk 01:04:46]} {[%emt 00:07:01]}
20. Rcb3 {[%clk 01:12:09]} {[%emt 00:03:35]} Rxa4 {[%clk 00:24:44]} {[%emt
00:40:32]} 21. Rb7 {[%clk 01:09:13]} {[%emt 00:03:26]} Rc4 {[%clk 00:23:35]}
{[%emt 00:01:39]} 22. Qb2 {[%clk 01:07:57]} {[%emt 00:01:46]} Qd8 {[%clk
00:23:33]} {[%emt 00:00:31]} 23. h3 {[%emt 00:03:16]} h6 {[%emt 00:00:27]} 24.
Qb5 Rb4 {[%clk 00:21:49]} {[%emt 00:00:02]} 1/2-1/2

[Event "Senior Women Russian Championship 2022_HL"]
[Site "Saint-Petersburg, Russia"]
[Date "2022.09.27"]
[Round "4.2"]
[White "Ivanova, Tatiana"]
[Black "Sirotkina, Nina"]
[Result "1/2-1/2"]
[TimeControl "Standard: 90min/40moves+30min/end+30sec increment per move starting from move 1"]
[WhiteElo "2127"]
[BlackElo "2190"]

1. d4 {[%clk 01:30:55]} {[%emt 00:00:04]} d5 {[%clk 01:30:17]} {[%emt
00:00:43]} 2. Nf3 {[%clk 01:31:13]} {[%emt 00:00:12]} Nf6 {[%clk 01:29:45]}
{[%emt 00:01:03]} 3. g3 {[%clk 01:31:09]} {[%emt 00:00:33]} c6 {[%clk
01:28:47]} {[%emt 00:01:28]} 4. Bg2 {[%clk 01:30:57]} {[%emt 00:00:42]} Bf5
{[%clk 01:28:07]} {[%emt 00:01:10]} 5. O-O {[%clk 01:30:30]} {[%emt 00:00:57]}
e6 {[%clk 01:26:58]} {[%emt 00:01:40]} 6. b3 {[%clk 01:30:09]} {[%emt
00:00:51]} h6 {[%clk 01:26:19]} {[%emt 00:01:09]} 7. c4 {[%clk 01:29:43]}
{[%emt 00:00:56]} Be7 {[%clk 01:25:31]} {[%emt 00:01:17]} 8. Bb2 {[%clk
01:29:39]} {[%emt 00:00:34]} O-O {[%clk 01:24:36]} {[%emt 00:01:26]} 9. Nbd2
{[%clk 01:29:38]} {[%emt 00:00:30]} Nbd7 {[%clk 01:24:28]} {[%emt 00:00:39]} 10.
Ne5 {[%clk 01:29:33]} {[%emt 00:00:35]} a5 {[%clk 01:23:02]} {[%emt 00:01:56]}
11. a3 {[%clk 01:29:38]} {[%emt 00:00:22]} 1/2-1/2

[Event "Senior Women Russian Championship 2022_HL"]
[Site "Saint-Petersburg, Russia"]
[Date "2022.09.27"]
[Round "4.3"]
[White "Mikhaylova, Irina"]
[Black "Titorenko, Natalia I"]
[Result "1/2-1/2"]
[TimeControl "Standard: 90min/40moves+30min/end+30sec increment per move starting from move 1"]
[WhiteElo "2266"]
[BlackElo "2024"]

1. Nf3 {[%clk 01:30:54]} {[%emt 00:00:05]} Nf6 {[%clk 01:30:51]} {[%emt
00:00:09]} 2. c4 {[%clk 01:31:15]} {[%emt 00:00:09]} e6 {[%clk 01:30:43]}
{[%emt 00:00:38]} 3. d4 {[%clk 01:26:31]} {[%emt 00:05:15]} d5 {[%clk
01:30:59]} {[%emt 00:00:14]} 4. Bg5 {[%clk 01:26:28]} {[%emt 00:00:32]} h6
{[%clk 01:28:12]} {[%emt 00:03:17]} 5. Bh4 {[%clk 01:25:49]} {[%emt 00:01:10]}
c5 {[%clk 01:10:49]} {[%emt 00:17:53]} 6. Bxf6 {[%clk 01:08:09]} {[%emt
00:18:09]} Qxf6 {[%clk 01:08:02]} {[%emt 00:03:17]} 7. cxd5 {[%clk 01:08:23]}
{[%emt 00:00:16]} cxd4 {[%clk 00:49:38]} {[%emt 00:18:54]} 8. Nxd4 {[%clk
00:53:45]} {[%emt 00:15:08]} Bb4+ {[%clk 00:38:50]} {[%emt 00:11:17]} 9. Nc3
{[%clk 00:54:10]} {[%emt 00:00:06]} O-O {[%clk 00:38:52]} {[%emt 00:00:28]} 10.
e3 {[%clk 00:51:54]} {[%emt 00:02:46]} exd5 {[%clk 00:36:15]} {[%emt 00:03:08]}
11. Qb3 {[%clk 00:43:10]} {[%emt 00:09:13]} Nc6 {[%clk 00:33:48]} {[%emt
00:02:57]} 12. Nxc6 {[%clk 00:39:31]} {[%emt 00:04:09]} Bxc3+ {[%clk 00:34:09]}
{[%emt 00:00:10]} 13. Qxc3 {[%clk 00:39:54]} {[%emt 00:00:07]} Qxc3+ {[%clk
00:33:53]} {[%emt 00:00:46]} 14. bxc3 {[%clk 00:40:20]} {[%emt 00:00:03]} bxc6
{[%clk 00:34:09]} {[%emt 00:00:13]} 15. Bd3 {[%clk 00:40:41]} {[%emt 00:00:10]}
Rb8 {[%clk 00:28:56]} {[%emt 00:05:44]} 16. O-O {[%clk 00:40:32]} {[%emt
00:00:39]} Be6 {[%clk 00:24:15]} {[%emt 00:05:11]} 17. Rfc1 {[%clk 00:37:32]}
{[%emt 00:03:30]} Rfd8 {[%clk 00:24:07]} {[%emt 00:00:37]} 18. Kf1 {[%clk
00:36:01]} {[%emt 00:02:01]} Kf8 {[%clk 00:23:55]} {[%emt 00:00:43]} 19. Rab1
{[%clk 00:31:18]} {[%emt 00:05:14]} Ke7 {[%clk 00:22:23]} {[%emt 00:02:02]} 20.
Ke2 {[%clk 00:31:31]} {[%emt 00:00:16]} Rb6 {[%clk 00:16:22]} {[%emt 00:06:31]}
21. Kd2 {[%clk 00:29:36]} {[%emt 00:02:24]} Rdb8 {[%clk 00:16:35]} {[%emt
00:00:17]} 22. Kc2 {[%clk 00:29:48]} {[%emt 00:00:18]} Rxb1 {[%clk 00:15:42]}
{[%emt 00:01:24]} 23. Rxb1 {[%clk 00:30:11]} {[%emt 00:00:07]} Rxb1 {[%clk
00:16:10]} {[%emt 00:00:02]} 24. Kxb1 {[%clk 00:30:35]} {[%emt 00:00:06]} Kd6
{[%clk 00:14:06]} {[%emt 00:02:34]} 25. a3 {[%clk 00:30:50]} {[%emt 00:00:15]}
Ke5 {[%clk 00:12:51]} {[%emt 00:00:15]} 1/2-1/2

[Event "Senior Women Russian Championship 2022_HL"]
[Site "Saint-Petersburg, Russia"]
[Date "2022.09.27"]
[Round "4.4"]
[White "Bogumil, Tatiana"]
[Black "Solomonova, Lidiya"]
[Result "1-0"]
[TimeControl "Standard: 90min/40moves+30min/end+30sec increment per move starting from move 1"]
[WhiteElo "2182"]
[BlackElo "2168"]

1. Nf3 {[%clk 01:30:54]} {[%emt 00:00:05]} g6 {[%clk 01:30:54]} {[%emt
00:00:07]} 2. g3 {[%clk 01:28:49]} {[%emt 00:02:35]} Bg7 {[%clk 01:31:17]}
{[%emt 00:00:07]} 3. Bg2 {[%clk 01:29:07]} {[%emt 00:00:12]} Nf6 {[%clk
01:31:37]} {[%emt 00:00:11]} 4. c4 {[%clk 01:28:36]} {[%emt 00:01:00]} O-O
{[%clk 01:31:59]} {[%emt 00:00:08]} 5. Nc3 {[%clk 01:28:06]} {[%emt 00:01:00]}
d6 {[%clk 01:32:21]} {[%emt 00:00:09]} 6. d4 {[%clk 01:27:24]} {[%emt
00:01:11]} Nc6 {[%clk 01:32:40]} {[%emt 00:00:11]} 7. O-O {[%clk 01:19:02]}
{[%emt 00:08:53]} a6 {[%clk 01:31:09]} {[%emt 00:02:02]} 8. h3 {[%clk
01:15:34]} {[%emt 00:03:56]} Rb8 {[%clk 01:31:11]} {[%emt 00:00:28]} 9. Bg5
{[%clk 01:10:07]} {[%emt 00:05:56]} Bf5 {[%clk 01:23:04]} {[%emt 00:08:38]} 10.
Bxf6 {[%clk 01:02:46]} {[%emt 00:07:52]} Bxf6 {[%clk 01:22:39]} {[%emt
00:00:55]} 11. e4 {[%clk 01:03:06]} {[%emt 00:00:10]} Bd7 {[%clk 01:21:59]}
{[%emt 00:01:09]} 12. Nd5 {[%clk 01:00:57]} {[%emt 00:02:39]} Bg7 {[%clk
01:21:57]} {[%emt 00:00:33]} 13. Qd2 {[%clk 00:58:01]} {[%emt 00:03:26]} e5
{[%clk 01:15:11]} {[%emt 00:07:15]} 14. dxe5 {[%clk 00:57:22]} {[%emt
00:01:09]} dxe5 {[%clk 01:15:18]} {[%emt 00:00:23]} 15. c5 {[%clk 00:55:40]}
{[%emt 00:02:12]} Be6 {[%clk 01:15:17]} {[%emt 00:00:32]} 16. Rfd1 {[%clk
00:55:06]} {[%emt 00:01:04]} Bxd5 {[%clk 01:13:36]} {[%emt 00:02:11]} 17. exd5
{[%clk 00:52:55]} {[%emt 00:02:40]} Nd4 {[%clk 01:13:45]} {[%emt 00:00:22]} 18.
Nxd4 {[%clk 00:51:18]} {[%emt 00:02:06]} exd4 {[%clk 01:14:09]} {[%emt
00:00:06]} 19. b4 {[%clk 00:47:04]} {[%emt 00:04:44]} Re8 {[%clk 01:07:57]}
{[%emt 00:06:43]} 20. Bf3 {[%clk 00:44:11]} {[%emt 00:03:23]} Qd7 {[%clk
01:06:30]} {[%emt 00:01:57]} 21. Kg2 {[%clk 00:39:58]} {[%emt 00:04:42]} b6
{[%clk 01:00:25]} {[%emt 00:06:36]} 22. Rac1 {[%clk 00:38:28]} {[%emt
00:01:59]} h5 {[%clk 00:57:50]} {[%emt 00:03:06]} 23. h4 {[%clk 00:36:50]}
{[%emt 00:02:07]} Re7 {[%clk 00:47:48]} {[%emt 00:10:32]} 24. Qd3 {[%clk
00:32:36]} {[%emt 00:04:45]} bxc5 {[%clk 00:47:03]} {[%emt 00:01:16]} 25. bxc5
{[%clk 00:32:41]} {[%emt 00:00:24]} Qb5 {[%clk 00:45:19]} {[%emt 00:02:14]} 26.
Rb1 {[%clk 00:26:40]} {[%emt 00:06:29]} Qe8 {[%clk 00:45:43]} {[%emt 00:00:07]}
27. Rxb8 {[%clk 00:26:42]} {[%emt 00:00:29]} Qxb8 {[%clk 00:46:09]} {[%emt
00:00:04]} 28. Qxa6 {[%clk 00:27:03]} {[%emt 00:00:09]} Qb4 {[%clk 00:45:15]}
{[%emt 00:01:24]} 29. d6 {[%clk 00:20:43]} {[%emt 00:06:49]} cxd6 {[%clk
00:45:10]} {[%emt 00:00:36]} 30. Qxd6 {[%clk 00:20:27]} {[%emt 00:00:46]} Re6
{[%clk 00:40:38]} {[%emt 00:05:02]} 31. Qd8+ {[%clk 00:19:52]} {[%emt
00:01:05]} Kh7 {[%clk 00:40:54]} {[%emt 00:00:13]} 32. c6 {[%clk 00:20:11]}
{[%emt 00:00:12]} Bf6 {[%clk 00:24:39]} {[%emt 00:16:45]} 33. c7 {[%clk
00:18:31]} {[%emt 00:02:10]} Qa5 {[%clk 00:20:50]} {[%emt 00:04:19]} 34. Qd7
{[%clk 00:17:23]} {[%emt 00:01:38]} 1-0

[Event "Senior Women Russian Championship 2022_HL"]
[Site "Saint-Petersburg, Russia"]
[Date "2022.09.27"]
[Round "4.5"]
[White "Ovsiannikova, Tatiana"]
[Black "Mednikova, Svetlana"]
[Result "0-1"]
[TimeControl "Standard: 90min/40moves+30min/end+30sec increment per move starting from move 1"]
[WhiteElo "2009"]
[BlackElo "2092"]

1. e4 {[%clk 01:30:20]} {[%emt 00:00:39]} c5 {[%clk 01:30:46]} {[%emt
00:00:14]} 2. Nc3 {[%clk 01:30:32]} {[%emt 00:00:19]} Nc6 {[%clk 01:30:58]}
{[%emt 00:00:18]} 3. g3 {[%clk 01:29:35]} {[%emt 00:01:26]} g6 {[%clk
01:30:32]} {[%emt 00:00:56]} 4. Bg2 {[%clk 01:29:55]} {[%emt 00:00:09]} Bg7
{[%clk 01:30:52]} {[%emt 00:00:10]} 5. d3 {[%clk 01:26:22]} {[%emt 00:04:04]}
e6 {[%clk 01:30:12]} {[%emt 00:01:10]} 6. Nge2 {[%clk 01:26:10]} {[%emt
00:00:43]} Nge7 {[%clk 01:30:03]} {[%emt 00:00:39]} 7. O-O {[%clk 01:26:16]}
{[%emt 00:00:23]} O-O {[%clk 01:30:05]} {[%emt 00:00:28]} 8. Bd2 {[%clk
01:24:45]} {[%emt 00:02:00]} d5 {[%clk 01:26:39]} {[%emt 00:03:57]} 9. exd5
{[%clk 01:21:08]} {[%emt 00:04:07]} exd5 {[%clk 01:25:45]} {[%emt 00:01:24]} 10.
Qc1 {[%clk 01:19:54]} {[%emt 00:01:44]} Re8 {[%clk 01:12:23]} {[%emt 00:13:53]}
11. Nf4 {[%clk 01:17:38]} {[%emt 00:02:47]} d4 {[%clk 01:10:54]} {[%emt
00:01:58]} 12. Ne4 {[%clk 01:14:39]} {[%emt 00:03:29]} b6 {[%clk 01:08:46]}
{[%emt 00:02:39]} 13. Re1 {[%clk 01:14:07]} {[%emt 00:01:01]} Bb7 {[%clk
01:08:13]} {[%emt 00:01:03]} 14. h4 {[%clk 01:13:12]} {[%emt 00:01:25]} Nf5
{[%clk 01:04:19]} {[%emt 00:04:24]} 15. Nh3 {[%clk 01:10:00]} {[%emt 00:03:42]}
Nd6 {[%clk 01:02:50]} {[%emt 00:01:59]} 16. Bh6 {[%clk 01:03:30]} {[%emt
00:07:00]} Nxe4 {[%clk 01:01:39]} {[%emt 00:01:41]} 17. dxe4 {[%clk 01:00:52]}
{[%emt 00:03:08]} Ne5 {[%clk 00:55:40]} {[%emt 00:06:30]} 18. Bxg7 {[%clk
01:00:22]} {[%emt 00:00:59]} Kxg7 {[%clk 00:56:08]} {[%emt 00:00:02]} 19. b3
{[%clk 00:58:29]} {[%emt 00:02:24]} Qd7 {[%clk 00:53:37]} {[%emt 00:03:00]} 20.
Qd2 {[%clk 00:56:03]} {[%emt 00:02:56]} Qxh3 {[%clk 00:49:45]} {[%emt
00:04:22]} 21. f4 {[%clk 00:55:24]} {[%emt 00:01:09]} Qxg3 {[%clk 00:49:25]}
{[%emt 00:00:50]} 22. fxe5 {[%clk 00:55:36]} {[%emt 00:00:18]} Rxe5 {[%clk
00:49:27]} {[%emt 00:00:28]} 23. Qf2 {[%clk 00:55:39]} {[%emt 00:00:27]} Qxf2+
{[%clk 00:49:00]} {[%emt 00:00:58]} 24. Kxf2 {[%clk 00:56:06]} {[%emt
00:00:02]} Rae8 {[%clk 00:49:17]} {[%emt 00:00:12]} 0-1